00734nam a2200205 a 4500003000600000005001700006008004100023020001500064040001000079050002100089111001900110245020100129260005600330300001600386504002100402650002700423650003500450700003500485830000800520UkOxU20220208080129.0900509s1989 enk o000 0 eng d a1853151106 cUkOxU 0aRC374 b.C4819892 n(4th :d1989 :10aFourth international symposium on sodium valproate and epilepsy :bproceedings of a symposium sponsored by Sanofi Pharma (UK), held in St Helier, Jersey ... April, 1989 /cedited by David Chadwick aLondon :bRoyal Society of Medicine Services,c1989 axxix, 282 p aIncludes remarks 0aEpilepsyxChemotherapy 0aValproic acidxTherapeutic use1 aChadwick, Davidc(Neurologist) 0v152